Bangok 73 The beginning or end of world mission?

Guardat en:
Dades bibliogràfiques
Autor principal: Beyerhaus, Peter
Format: Llibre
Idioma:anglès
Publicat: Zondervan. 1974.
Matèries:
Etiquetes: Afegir etiqueta
Sense etiquetes, Sigues el primer a etiquetar aquest registre!

MARC

LEADER 00000nam a22000005a 4500
001 9568
003 CL-ChBUA
005 20120815103205.0
008 070301s1974 xxu 000 0 eng
040 |a CL-ChBUA  |c CL-ChBUA 
082 0 0 |a 266 
090 |c 9568  |d 9568 
100 1 |a Beyerhaus, Peter. 
245 1 0 |a Bangok 73 The beginning or end of world mission? 
260 |b Zondervan.  |c 1974. 
650 4 |a MISIONES. 
942 |c LIB 
952 |0 0  |1 0  |4 0  |7 0  |9 14100  |a UNACH  |b UNACH  |c 200  |d 2007-03-05  |i 10.873.  |l 0  |o 266 / B 573.  |p 15099  |r 2012-12-27 00:00:00  |u 14100  |w 2012-08-08  |y LIB  |k 266 / B 573. 
999 |c 9568  |d 9568